| 000 | 02465cam a2200325 a 4500 | ||
|---|---|---|---|
| 001 | 16370296 | ||
| 003 | OSt | ||
| 005 | 20231204143359.0 | ||
| 008 | 100730s2011 enkab b 001 0 eng | ||
| 010 | _a 2010031589 | ||
| 020 | _a9780415779425 (hbk.) | ||
| 020 | _a9780415779432 (pbk.) | ||
| 040 |
_aDLC _cDLC _dDLC |
||
| 042 | _apcc | ||
| 043 | _aaz----- | ||
| 050 | 0 | 0 |
_aDS340 _b.B66 2011 |
| 082 | 0 | 0 |
_a954 _bBOS/M |
| 100 | 1 |
_aBose, Sugata, _d1956- _910002 |
|
| 245 | 1 | 0 |
_aModern South Asia : _bhistory, culture, political economy / _cSugata Bose and Ayesha Jalal. |
| 250 | _a3rd ed. | ||
| 260 |
_aLondon ; _aNew York : _bRoutledge, _c2011. |
||
| 300 |
_axvii, 259 p. : _bill., maps ; _c24 cm. |
||
| 504 | _aIncludes bibliographical references and index. | ||
| 505 | 0 | _aSouth Asian history : an introduction -- Modernity and antiquity : interpretations of ancient India -- Pre-modern accommodation of difference : the making of Indo-Islamic cultures -- The Mughal Empire : state, economy, and society -- India between empires : decline or decentralization? -- The transition to colonialism : resistance and collaboration -- The first century of British rule, 1757 to 1857 : state and economy -- Company Raj and Indian society, 1757 to 1857 : reinvention and reform of tradition -- 1857 : rebellion, collaboration, and the transition to Crown Raj -- High noon of colonialism, 1858 to 1914 : state and political economy -- A nation in making? : rational reform, religious revival, and Swadeshi nationalism, 1858 to 1914 -- Colonialism under siege : state and political economy after World War I -- Gandhian nationalism and mass politics : the 1920s -- The depression decade : society, economics, and politics -- Nationalism and colonialism during World War II and its aftermath : economic crisis and political confrontation -- The partition of India and the demand for Pakistan 1947 : its meaning and memory -- Post-colonial South Asia : state and economy, society, and politics, 1947-1971 -- Post-colonial South Asia : state and economy, society, and politics, 1971-2003 -- Decolonizing South Asia : the view from a new millennium. | |
| 651 | 0 |
_aSouth Asia _xHistory. |
|
| 700 | 1 | _aJalal, Ayesha. | |
| 906 |
_a7 _bcbc _corignew _d1 _eecip _f20 _gy-gencatlg |
||
| 942 |
_2ddc _cBK _h954 _iBOS/M _k954 _mBOS/M |
||
| 999 |
_c43855 _d43855 |
||